Bezpečie opäť v kurze
Rast významu bezpečného uloženia aktív v čase nastupujúcej hypotekárnej krízy. Kríza môže pomôcť sektoru z oblasti bankovníctva, ktorým je wealth management a privátne bankovníctvo. Wealth management - najrýchlejšie rastúce odvetvie bankovníckeho a finančného sektora.
Guardado en:
| Autor principal: | |
|---|---|
| Formato: | Capítulo de libro |
| Lenguaje: | eslovaco |
| Materias: | |
| Etiquetas: |
Sin Etiquetas, Sea el primero en etiquetar este registro!
|
MARC
| LEADER | 00000naa$a2200000$$$4500 | ||
|---|---|---|---|
| 001 | 0076459 | ||
| 005 | 20230908095132.6 | ||
| 041 | 0 | |a slo | |
| 044 | |a SK | ||
| 245 | 1 | 0 | |a Bezpečie opäť v kurze |c Matej Demeš |
| 520 | |a Rast významu bezpečného uloženia aktív v čase nastupujúcej hypotekárnej krízy. Kríza môže pomôcť sektoru z oblasti bankovníctva, ktorým je wealth management a privátne bankovníctvo. Wealth management - najrýchlejšie rastúce odvetvie bankovníckeho a finančného sektora. | ||
| 610 | 2 | 0 | |a služby finančné |
| 610 | 2 | 0 | |a bankovníctvo |
| 610 | 2 | 0 | |a hypotéky |
| 610 | 2 | 0 | |a bezpečnosť |
| 610 | 2 | 0 | |a aktíva |
| 610 | 2 | 0 | |a stratégia investičná |
| 100 | 1 | |a Demeš, Matej | |